00430nam a2200121Ia 4500020001800000082001900018245002700037260004100064440005800105500009900163650002800262700001800290 a9781847872685 aRR 153.15 PSY- 0aPsychology of learning aLos AngelesbSage Publicationsc2009 aSage library in cognitive and experimental psychology acontents: 5 Vols. Vol.1 (xxxii, 393p.) - v.2 (429p.) - v.3 (373p.) - v.4 (367p.) - v.5 (426p.) aLearning, Psychology of aShanks, David